[Event "4NCL Online Division 7"]
[Site "online"]
[Date "2021.02.09"]
[EventDate "2021.02.09"]
[Round "2.283"]
[White "Chung, Vince"]
[WhiteElo "1495"]
[WhiteTeam "Colchester JFF B"]
[Black "Belur, Ankita"]
[BlackElo "1345"]
[BlackTeam "Barnet Knights E"]
[Result "0-1"]
[PlyCount "94"]

1. e4 d6 2. d4 Nf6 3. Nc3 g6 4. Nf3 Bg7 5. Bd3 O-O 6. O-O c6 7. b4 b5 8. Be3 Nbd7 9. a4 bxa4 10. Rxa4 Nb6 11. Ra3 Qc7 12. Bf4 Nh5 13. Be3 Bb7 14. Qd2 Rfe8 15. d5 cxd5 16. exd5 Nxd5 17. Nxd5 Bxd5 18. Qe2 Qb7 19. c4 Qxb4 20. Ra2 Bc6 21. Rb1 Qc3 22. Rc2 Qf6 23. Bg5 Bxf3 24. Bxf6 Bxe2 25. Bxe2 Nxf6 26. h3 Reb8 27. Re1 Rb6 28. Bf3 Re8 29. c5 Rc8 30. Bb7 Rxb7 31. c6 Rbc7 32. Rec1 Nd5 33. g4 Nb4 34. Rc4 Rxc6 35. Rxc6 Rxc6 36. Rf1 a5 37. Ra1 Bxa1 38. Kf1 a4 39. Ke2 a3 40. Ke3 Be5 41. f4 Bxf4+ 42. Kxf4 a2 43. Ke3 a1=Q 44. h4 Qc3+ 45. Kf2 Qd3 46. Kg2 Rc2+ 47. Kg1 Qd1# 0-1

[Event "4NCL Online Division 7"]
[Site "online"]
[Date "2021.02.09"]
[EventDate "2021.02.09"]
[Round "2.284"]
[White "Malus, Sean"]
[WhiteElo "1330"]
[WhiteTeam "Barnet Knights E"]
[Black "Granger, Charlotte"]
[BlackElo "1324"]
[BlackTeam "Colchester JFF B"]
[Result "0-1"]
[PlyCount "70"]

1. e4 e5 2. Nf3 Nc6 3. Bc4 Bc5 4. d3 Nf6 5. Bg5 O-O 6. Nc3 h6 7. Qd2 Be7 8. Bxh6 Nh5 9. h4 Nf4 10. O-O-O d6 11. g3 Ng6 12. Bxg7 Kxg7 13. Rh2 Bg4 14. Qe3 Rh8 15. Rdh1 Rh5 16. Nd5 a6 17. Nxe7 Ncxe7 18. d4 b5 19. Bb3 a5 20. a3 b4 21. dxe5 dxe5 22. Rd1 Qb8 23. Qc5 Bxf3 24. Rd3 Bxe4 25. Re3 Bf5 26. Rf3 bxa3 27. Qxa3 Qb7 28. Re3 Qa6 29. Rg2 Qf1+ 30. Kd2 Qxg2 31. Bc4 Qxf2+ 32. Re2 Qd4+ 33. Kc1 Qxc4 34. Rd2 Rd8 35. Rxd8 Qxc2# 0-1

[Event "4NCL Online Division 7"]
[Site "online"]
[Date "2021.02.09"]
[EventDate "2021.02.09"]
[Round "2.291"]
[White "Evans, Damian"]
[WhiteElo "1510"]
[WhiteTeam "BCC Dinosaurs"]
[Black "Thompson, Richard G"]
[BlackElo "1468"]
[BlackTeam "Shropshire 6"]
[Result "1/2-1/2"]
[PlyCount "98"]

1. d4 e6 2. Nf3 f5 3. Bf4 Nf6 4. h3 Be7 5. e3 b6 6. Bd3 Bb7 7. Nbd2 d6 8. Qe2 a5 9. Rg1 Nbd7 10. g4 Ne4 11. gxf5 exf5 12. Rxg7 Bf6 13. Rg1 Qe7 14. O-O-O O-O-O 15. Ba6 Kb8 16. Bxb7 Kxb7 17. Rg2 Qf7 18. Kb1 Qh5 19. Nxe4 fxe4 20. Ng1 Qf7 21. Qb5 d5 22. Ne2 c6 23. Qb3 Rhg8 24. Rdg1 Rxg2 25. Rxg2 Rg8 26. Rxg8 Qxg8 27. Bg3 Be7 28. a3 Qg6 29. c4 Nf6 30. Nf4 Qf5 31. cxd5 Nxd5 32. Nxd5 Qxd5 33. Kc2 b5 34. a4 Qxb3+ 35. Kxb3 h5 36. h4 Kc8 37. axb5 cxb5 38. Kc3 Kd7 39. b3 Ke6 40. Kd2 Kd5 41. Ke2 a4 42. bxa4 bxa4 43. Kd2 Kc4 44. Kc2 a3 45. d5 Kxd5 46. Kb3 Kc6 47. Bf4 Kb5 48. Bg5 Bc5 49. Bf4 Be7 1/2-1/2

[Event "4NCL Online Division 7"]
[Site "online"]
[Date "2021.02.09"]
[EventDate "2021.02.09"]
[Round "2.292"]
[White "Bonner, Dennis M"]
[WhiteElo "1495"]
[WhiteTeam "Shropshire 6"]
[Black "Reis, David"]
[BlackElo "1411"]
[BlackTeam "BCC Dinosaurs"]
[Result "1-0"]
[PlyCount "72"]

1. d4 d5 2. Bf4 Bf5 3. e3 e6 4. Nd2 h6 5. Ngf3 Nf6 6. c3 Nbd7 7. Be2 Be7 8. h3 O-O 9. O-O c5 10. Re1 c4 11. Bh2 a5 12. a4 Ne4 13. Nxe4 Bxe4 14. Nd2 Bg6 15. Bf3 Qb6 16. Qc1 Qc6 17. e4 Nf6 18. exd5 Nxd5 19. Be4 Bxe4 20. Nxe4 Nf6 21. Qc2 Nxe4 22. Rxe4 Bd6 23. Bxd6 Qxd6 24. Rae1 Qb8 25. Re5 Rd8 26. Qe2 Rd5 27. Rxe6 Qf4 28. Re4 Qg5 29. Rg4 Qf6 30. Re4 Qa6 31. Re8+ Rxe8 32. Qxe8+ Kh7 33. Qe4+ Rf5 34. Qxf5+ Qg6 35. Qxg6+ Kxg6 36. Re5 b6 1-0

[Event "4NCL Online Division 7"]
[Site "online"]
[Date "2021.02.09"]
[EventDate "2021.02.09"]
[Round "2.293"]
[White "Cummins, Mark"]
[WhiteElo "1162"]
[WhiteTeam "BCC Dinosaurs"]
[Black "Holyhead, James"]
[BlackElo "1473"]
[BlackTeam "Shropshire 6"]
[Result "0-1"]
[PlyCount "66"]

1. d4 Nf6 2. Bf4 d5 3. e3 c5 4. c3 Nc6 5. Nd2 Qb6 6. b3 cxd4 7. exd4 Bf5 8. Ngf3 e6 9. a4 Be7 10. Be2 O-O 11. O-O Nh5 12. Be3 a5 13. Ne5 Nf6 14. c4 Nxd4 15. Bg5 Nxe2+ 16. Qxe2 Qc7 17. Rac1 d4 18. Nef3 Rfd8 19. Nh4 Ng4 20. Ndf3 Bxg5 21. Nxf5 exf5 22. h3 Bxc1 23. hxg4 fxg4 24. Nh2 d3 25. Qxg4 d2 26. Rd1 Qe5 27. Nf3 Qc3 28. Ng5 h6 29. Ne4 Qd4 30. Kf1 Re8 31. f3 Rad8 32. Qg3 Qd3+ 33. Kg1 Rxe4 0-1

[Event "4NCL Online Division 7"]
[Site "online"]
[Date "2021.02.09"]
[EventDate "2021.02.09"]
[Round "2.294"]
[White "Pritchard, Andrew"]
[WhiteElo "1400"]
[WhiteTeam "Shropshire 6"]
[Black "Gartlan, Thomas"]
[BlackElo "700"]
[BlackTeam "BCC Dinosaurs"]
[Result "1-0"]
[PlyCount "95"]

1. d4 e5 2. d5 c6 3. e4 cxd5 4. exd5 Qa5+ 5. Bd2 Qxd5 6. Nc3 Qc6 7. Nf3 d6 8. h3 Be6 9. Bd3 g6 10. Be3 Nd7 11. Be4 Qc7 12. Nb5 Qa5+ 13. Nc3 d5 14. Bxd5 Bxd5 15. Qxd5 Qxd5 16. Nxd5 Rc8 17. O-O-O Ngf6 18. Nxf6+ Nxf6 19. Nxe5 Bc5 20. Rhe1 Bxe3+ 21. Rxe3 Rd8 22. Rxd8+ Kxd8 23. Nxf7+ Kc7 24. Nxh8 Nd5 25. Re4 Kd6 26. Nf7+ Kc5 27. Ng5 Nb4 28. Kb1 Nd5 29. Nxh7 b5 30. c3 b4 31. cxb4+ Kb5 32. a3 a6 33. Nf8 g5 34. h4 gxh4 35. Rxh4 a5 36. bxa5 Kxa5 37. Rh5 Ka4 38. Rxd5 Kb3 39. Rc5 Ka4 40. g4 Kb3 41. g5 Ka4 42. g6 Kb3 43. g7 Ka4 44. Rc8 Kb5 45. g8=Q Kb6 46. Qe6+ Kb5 47. Qb3+ Ka5 48. Ra8# 1-0

[Event "4NCL Online Division 7"]
[Site "online"]
[Date "2021.02.09"]
[EventDate "2021.02.09"]
[Round "2.301"]
[White "Al-Neyadi, Suroor"]
[WhiteElo "1678"]
[WhiteTeam "RCSI Team 2"]
[Black "Liu, Wenle"]
[BlackElo "1162"]
[BlackTeam "St Benildus E"]
[Result "0-1"]
[PlyCount "76"]

1. e4 e5 2. Bc4 Nf6 3. d3 Bc5 4. Nc3 Nc6 5. Na4 Bb6 6. Nxb6 axb6 7. f4 d6 8. Nf3 Bg4 9. O-O O-O 10. h3 Be6 11. Bb5 h6 12. a3 Na7 13. Ba4 Nc6 14. Bxc6 bxc6 15. f5 Bc8 16. g4 Nh7 17. Rf2 d5 18. Nd2 Ng5 19. Kh2 dxe4 20. dxe4 Nxe4 21. Re2 Ng5 22. Qf1 f6 23. Ne4 Nxe4 24. Rxe4 Bb7 25. h4 c5 26. Re3 Qd5 27. Rg3 Ra4 28. Be3 h5 29. Rd1 Qc6 30. g5 Rxh4+ 31. Rh3 Rxh3+ 32. Qxh3 Qe4 33. g6 Qxc2+ 34. Rd2 Qe4 35. Rd1 Qf3 36. Qxf3 Bxf3 37. Rd7 Rc8 38. Rf7 Bg4 0-1

[Event "4NCL Online Division 7"]
[Site "online"]
[Date "2021.02.09"]
[EventDate "2021.02.09"]
[Round "2.302"]
[White "Hand, Joseph"]
[WhiteElo "1092"]
[WhiteTeam "St Benildus E"]
[Black "Almashhadi, Mustafa"]
[BlackElo "1569"]
[BlackTeam "RCSI Team 2"]
[Result "0-1"]
[PlyCount "64"]

1. e4 c6 2. d4 d5 3. exd5 cxd5 4. Nc3 Nc6 5. Bb5 a6 6. Bxc6+ bxc6 7. Nf3 g6 8. O-O Bg7 9. Re1 e6 10. b4 Qb6 11. a3 Ne7 12. Bf4 Nf5 13. Na4 Qa7 14. Nc5 O-O 15. Qd3 a5 16. c3 axb4 17. cxb4 Qe7 18. a4 Nd6 19. Ne5 Qf6 20. Bg3 Qf5 21. Nxc6 Qxd3 22. Nxd3 Nf5 23. Be5 Bd7 24. b5 Bxc6 25. bxc6 Nxd4 26. Bxd4 Bxd4 27. Ra2 Rfc8 28. Rc1 Ra6 29. Nb4 Rb6 30. a5 Rxb4 31. a6 Rxc6 32. Rd1 Ba7 0-1

[Event "4NCL Online Division 7"]
[Site "online"]
[Date "2021.02.09"]
[EventDate "2021.02.09"]
[Round "2.303"]
[White "Kadom, Mhmod"]
[WhiteElo "1541"]
[WhiteTeam "RCSI Team 2"]
[Black "Gubala, Max"]
[BlackElo "1110"]
[BlackTeam "St Benildus E"]
[Result "1/2-1/2"]
[PlyCount "125"]

1. e4 c5 2. Nf3 e6 3. d4 cxd4 4. Nxd4 Nc6 5. Nc3 Bb4 6. Ne2 Nge7 7. a3 Bxc3+ 8. Nxc3 O-O 9. Bc4 Ne5 10. Bb3 b6 11. O-O Bb7 12. f4 N5g6 13. Qg4 d6 14. f5 exf5 15. exf5 Ne5 16. Qg3 Kh8 17. f6 gxf6 18. Rxf6 Rg8 19. Bg5 Qc8 20. Bxf7 Nxf7 21. Rxf7 Qc5+ 22. Kh1 Rxg5 23. Ne4 Rxg3 24. Nxc5 Bxg2+ 25. Kg1 Rg6 26. Rxe7 Bd5+ 27. Kf2 Rf8+ 28. Ke3 dxc5 29. Rd1 Rf3+ 30. Kd2 Rg2+ 31. Kc1 Rff2 32. Rxd5 Rf1+ 33. Rd1 Rxd1+ 34. Kxd1 Rxh2 35. Rxa7 Rg2 36. Rb7 Rg6 37. b4 cxb4 38. axb4 h5 39. Re7 h4 40. Re2 h3 41. Rh2 Rg3 42. c4 Kg7 43. c5 bxc5 44. bxc5 Kf7 45. Ke2 Ke6 46. Kf2 Rc3 47. c6 Kd6 48. c7 Kxc7 49. Kg1 Kd6 50. Rf2 Ke5 51. Kh2 Ke4 52. Rf1 Rb3 53. Rf8 Rd3 54. Rf1 Re3 55. Rf8 Kd3 56. Rh8 Kd2 57. Rxh3 Re2+ 58. Kg3 Ke1 59. Rh2 Re3+ 60. Kg2 Re2+ 61. Kg3 Re3+ 62. Kg2 Kd2 63. Kh1+ 1/2-1/2

[Event "4NCL Online Division 7"]
[Site "online"]
[Date "2021.02.09"]
[EventDate "2021.02.09"]
[Round "2.304"]
[White "Kashanin, Dimitry"]
[WhiteElo "967"]
[WhiteTeam "St Benildus E"]
[Black "O'Keefe, Sarah"]
[BlackElo "1258"]
[BlackTeam "RCSI Team 2"]
[Result "1-0"]
[PlyCount "43"]

1. e4 e5 2. Nf3 Nc6 3. Bc4 b5 4. Bxb5 a6 5. Bc4 Rb8 6. O-O Nf6 7. Ng5 Rb4 8. d3 h6 9. Nxf7 Qe7 10. Nxh8 d5 11. exd5 Bg4 12. f3 Qc5+ 13. Kh1 Nd4 14. fxg4 e4 15. c3 Rb6 16. cxd4 Qxd4 17. Re1 Qe5 18. Qa4+ c6 19. dxc6 Bd6 20. c7+ Rc6 21. Qxc6+ Ke7 22. Ng6# 1-0

[Event "4NCL Online Division 7"]
[Site "online"]
[Date "2021.02.09"]
[EventDate "2021.02.09"]
[Round "2.311"]
[White "Ivan, Austin"]
[WhiteElo "1660"]
[WhiteTeam "Harrow 4"]
[Black "Kachkanov, Slava"]
[BlackElo "1150"]
[BlackTeam "Wantage C"]
[Result "1-0"]
[PlyCount "119"]

1. d4 d6 2. Nc3 Nf6 3. Bf4 Nc6 4. e4 e5 5. dxe5 dxe5 6. Qxd8+ Nxd8 7. O-O-O Bd6 8. Nf3 exf4 9. e5 Ng4 10. exd6 cxd6 11. Rxd6 Be6 12. Rd2 O-O 13. h3 Nf6 14. Be2 Nc6 15. Rhd1 Nb4 16. Kb1 a5 17. a3 Nc6 18. Kc1 Rac8 19. Kb1 h6 20. Bf1 g5 21. Nd4 Nxd4 22. Rxd4 Rc5 23. Re1 Nd5 24. Nxd5 Bxd5 25. f3 Rfc8 26. c3 Be6 27. Bd3 b5 28. Rd1 Kg7 29. Re1 Kf6 30. Kc2 Rb8 31. Kd2 Bb3 32. Rd6+ Kg7 33. Rd4 h5 34. h4 gxh4 35. Rxf4 Rg5 36. Re2 Rd8 37. Rxh4 Bc4 38. Rd4 Bxd3 39. Rxd3 Rc8 40. Rd4 f6 41. Kc2 Kg6 42. Red2 Rc4 43. Rxc4 bxc4 44. b3 Rc5 45. bxc4 Rxc4 46. Rd4 Rc5 47. Kb3 Rb5+ 48. Kc2 f5 49. g3 Kg5 50. Rc4 Re5 51. f4+ Kg4 52. fxe5+ Kxg3 53. e6 h4 54. Rxh4 Kxh4 55. e7 f4 56. e8=Q Kg3 57. Qe1+ Kg2 58. Kd3 f3 59. Ke3 f2 60. Qxf2+ 1-0

[Event "4NCL Online Division 7"]
[Site "online"]
[Date "2021.02.09"]
[EventDate "2021.02.09"]
[Round "2.312"]
[White "Reeves, Thomas"]
[WhiteElo "925"]
[WhiteTeam "Wantage C"]
[Black "Gurjar, Siena"]
[BlackElo "1455"]
[BlackTeam "Harrow 4"]
[Result "1-0"]
[PlyCount "109"]

1. e4 c6 2. Nf3 d5 3. exd5 cxd5 4. d4 Nf6 5. Nc3 Nc6 6. g3 Bf5 7. Bd3 Bxd3 8. Qxd3 e6 9. Ne5 Rc8 10. g4 Qb6 11. Na4 Qxd4 12. Nxc6 Qxd3 13. cxd3 Rxc6 14. g5 Ng4 15. Bf4 Bc5 16. Nxc5 Rxc5 17. Rg1 Nxh2 18. Bxh2 h5 19. Be5 h4 20. Bxg7 Rh5 21. Be5 d4 22. Bxd4 Rcxg5 23. Rxg5 Rxg5 24. Rc1 Rg1+ 25. Kd2 Rxc1 26. Kxc1 h3 27. Be5 f6 28. Bh2 Kf7 29. Kd2 e5 30. Ke3 Ke6 31. Kf3 Kd5 32. Kg3 f5 33. Kxh3 e4 34. dxe4+ Kxe4 35. Kg2 f4 36. f3+ Ke3 37. Bg1+ Kd2 38. Kh3 a5 39. Kg4 b5 40. Kxf4 b4 41. Bc5 Kc2 42. a3 b3 43. Bd4 Kd3 44. Ke5 Kc4 45. f4 a4 46. f5 Kb5 47. f6 Kc6 48. f7 Kd7 49. f8=Q Kc7 50. Qd6+ Kb7 51. Qb6+ Kc8 52. Qa7 Kd8 53. Ke6 Kc8 54. Kd6 Kd8 55. Qa8# 1-0

[Event "4NCL Online Division 7"]
[Site "online"]
[Date "2021.02.09"]
[EventDate "2021.02.09"]
[Round "2.313"]
[White "Patel, Krrish"]
[WhiteElo "1411"]
[WhiteTeam "Harrow 4"]
[Black "Richards, Toby"]
[BlackElo "750"]
[BlackTeam "Wantage C"]
[Result "1-0"]
[PlyCount "27"]

1. d4 d5 2. Nc3 Nf6 3. Bf4 h6 4. Nb5 Nc6 5. Nxc7+ Kd7 6. Nxa8 Nxd4 7. Qxd4 g5 8. Be5 e6 9. Bxf6 Rg8 10. Bxd8 Bb4+ 11. Qxb4 Rxd8 12. e4 Kc6 13. exd5+ exd5 14. Bb5# 1-0

[Event "4NCL Online Division 7"]
[Site "online"]
[Date "2021.02.09"]
[EventDate "2021.02.09"]
[Round "2.314"]
[White "Richards, Edward"]
[WhiteElo "790"]
[WhiteTeam "Wantage C"]
[Black "Laza, Andrei"]
[BlackElo "1227"]
[BlackTeam "Harrow 4"]
[Result "1/2-1/2"]
[PlyCount "116"]

1. e4 b6 2. Bb5 Bb7 3. Nc3 Nc6 4. Nf3 g6 5. O-O Bg7 6. d3 Nf6 7. Bg5 O-O 8. Nd5 a6 9. Bc4 d6 10. h3 e5 11. Qd2 Na5 12. Rae1 Nxc4 13. dxc4 Bxd5 14. cxd5 Qd7 15. Re3 Rfe8 16. Rd3 Rab8 17. Re1 Qb5 18. b3 Qd7 19. Rc3 b5 20. Rc6 Rb6 21. Rxb6 cxb6 22. Re3 Rc8 23. Rc3 Nxe4 24. Qe1 Nxc3 25. Qe3 e4 26. Nd4 Nxd5 27. Qxe4 Bxd4 28. Qxd4 Qe6 29. Kf1 Re8 30. Bd2 Qe4 31. Qd3 Qxd3+ 32. cxd3 a5 33. d4 Nb4 34. h4 Nc2 35. g3 Nxd4 36. Kg1 Re2 37. Be3 Rxe3 38. fxe3 Nc2 39. Kf2 a4 40. bxa4 bxa4 41. Ke2 Nb4 42. Kd2 Nxa2 43. Kc2 Nb4+ 44. Kc3 Nd5+ 45. Kd2 a3 46. Kc2 a2 47. Kb2 Nc3 48. Ka1 b5 49. Kb2 b4 50. Ka1 b3 51. Kb2 Nd1+ 52. Ka1 Kg7 53. h5 Kf6 54. hxg6 hxg6 55. g4 Ke5 56. e4 Kd4 57. e5 dxe5 58. g5 Kc3 1/2-1/2

[Event "4NCL Online Division 7"]
[Site "online"]
[Date "2021.02.09"]
[EventDate "2021.02.09"]
[Round "2.321"]
[White "Grice, Keith"]
[WhiteElo "1435"]
[WhiteTeam "Far, Far Away"]
[Black "Triffitt, Bradley"]
[BlackElo "1549"]
[BlackTeam "St Andrews White Cross 2"]
[Result "1-0"]
[PlyCount "181"]

1. d4 Nf6 2. Nf3 d6 3. b3 g6 4. e3 Bg7 5. Bb2 O-O 6. Be2 Nbd7 7. O-O c5 8. c3 b6 9. Nbd2 Bb7 10. Rc1 Rc8 11. Ba1 Rc7 12. a3 Qc8 13. c4 d5 14. b4 cxd4 15. Nxd4 e5 16. Nb5 Rc6 17. Nxa7 Qa8 18. Nxc6 Bxc6 19. b5 Bb7 20. a4 dxc4 21. f3 Nd5 22. Nxc4 Rd8 23. Qb3 Nc5 24. Qa3 Bf8 25. Qb2 Qxa4 26. Qxe5 f6 27. Qb2 Bg7 28. Rfd1 Qa8 29. e4 Nf4 30. Rxd8+ Qxd8 31. Rd1 Qc7 32. Nd6 Qe7 33. Nxb7 Qxb7 34. Bc4+ Kf8 35. Qd4 Qe7 36. Qd8+ Qxd8 37. Rxd8+ Ke7 38. Rb8 Nd7 39. Rb7 Kd6 40. Kf2 Bf8 41. g3 Ne6 42. Bxe6 Kxe6 43. Ra7 Bc5+ 44. Ke2 h5 45. f4 g5 46. f5+ Ke7 47. h3 g4 48. hxg4 hxg4 49. Ra8 Bd6 50. Rg8 Bxg3 51. Rxg4 Be5 52. Bxe5 Nxe5 53. Rg1 Kd6 54. Rc1 Kd7 55. Ke3 Kd6 56. Kd4 Nf3+ 57. Ke3 Ne5 58. Rc2 Kd7 59. Kd4 Kd6 60. Rg2 Nf3+ 61. Kc4 Ne5+ 62. Kb4 Nd3+ 63. Kc3 Ne5 64. Rg8 Ke7 65. Rb8 Nd7 66. Rb7 Kd8 67. Kd4 Kc8 68. Ra7 Ne5 69. Rh7 Nd7 70. Kd5 Ne5 71. Ke6 Nd3 72. Kxf6 Nc5 73. e5 Ne4+ 74. Ke7 Ng5 75. Rh8+ Kc7 76. f6 Nf3 77. e6 Ne5 78. Rh7 Ng6+ 79. Ke8+ Kd6 80. e7 Kc5 81. f7 Kxb5 82. f8=Q Nxf8 83. exf8=Q Ka6 84. Rh5 Ka7 85. Rh3 Ka6 86. Qb4 Ka7 87. Rh6 Ka8 88. Rxb6 Ka7 89. Rb7+ Ka8 90. Rb8+ Ka7 91. Qb7# 1-0

[Event "4NCL Online Division 7"]
[Site "online"]
[Date "2021.02.09"]
[EventDate "2021.02.09"]
[Round "2.322"]
[White "Stamp, Edward"]
[WhiteElo "1473"]
[WhiteTeam "St Andrews White Cross 2"]
[Black "Smith, Jonathan"]
[BlackElo "1392"]
[BlackTeam "Far, Far Away"]
[Result "0-1"]
[PlyCount "102"]

1. d4 d5 2. c4 e6 3. Nc3 Nf6 4. Nf3 Nc6 5. Bg5 Be7 6. e3 h6 7. Bh4 O-O 8. Bd3 Re8 9. O-O dxc4 10. Bxc4 g5 11. Bg3 Nh5 12. Nd2 Nxg3 13. fxg3 Bf6 14. Bd3 Bg7 15. Nde4 f5 16. Nd2 Nb4 17. Bc4 Nd5 18. Nxd5 exd5 19. Bb3 Rxe3 20. Nf3 c6 21. Qd2 Re6 22. Bc2 Qf6 23. Rae1 Rxe1 24. Rxe1 Bd7 25. Ne5 Qd6 26. Qf2 Rf8 27. h3 f4 28. g4 Re8 29. Bg6 Re7 30. Qc2 Bxe5 31. dxe5 Rxe5 32. Bh7+ Kf7 33. Rxe5 Qxe5 34. Qg6+ Ke7 35. Qxh6 Qf6 36. Qxf6+ Kxf6 37. Bc2 d4 38. Kf2 Ke5 39. g3 fxg3+ 40. Kxg3 c5 41. Kf3 b5 42. b3 a5 43. Bd3 Bc6+ 44. Kg3 Be4 45. Bxb5 d3 46. Kf2 Kd4 47. b4 axb4 48. Ba4 c4 49. Ke1 Kc3 50. Kd1 Kb2 51. Bb5 c3 0-1

[Event "4NCL Online Division 7"]
[Site "online"]
[Date "2021.02.09"]
[EventDate "2021.02.09"]
[Round "2.323"]
[White "Varjian, Gary"]
[WhiteElo "1388"]
[WhiteTeam "Far, Far Away"]
[Black "Wilson, Bryan"]
[BlackElo "1495"]
[BlackTeam "St Andrews White Cross 2"]
[Result "1-0"]
[PlyCount "71"]

1. d4 c5 2. d5 d6 3. c4 g6 4. Nf3 Bg7 5. h3 Nf6 6. Nc3 Na6 7. e3 O-O 8. g4 Nc7 9. Bd3 e6 10. e4 exd5 11. cxd5 Qe8 12. Bf4 Qe7 13. Bg5 h6 14. Bh4 g5 15. Bg3 Nfxd5 16. Kd2 Nb4 17. Bb1 Nc6 18. Re1 Rd8 19. Kc1 Ne5 20. Nd5 Qd7 21. a4 Nc4 22. Ra2 Nxd5 23. exd5 Nb6 24. b3 Qc7 25. Re3 Nd7 26. Re7 Qa5 27. Bxd6 Qc3+ 28. Bc2 Nb6 29. Bc7 Rxd5 30. Re8+ Bf8 31. Qe2 Be6 32. Rxe6 Nd7 33. Qe4 Qg7 34. Qxd5 fxe6 35. Qxe6+ Kh8 36. Ne5 1-0

[Event "4NCL Online Division 7"]
[Site "online"]
[Date "2021.02.09"]
[EventDate "2021.02.09"]
[Round "2.324"]
[White "Askin, Floyd"]
[WhiteElo "1300"]
[WhiteTeam "St Andrews White Cross 2"]
[Black "Ksiazek, Slawomir"]
[BlackElo "1068"]
[BlackTeam "Far, Far Away"]
[Result "0-1"]
[PlyCount "70"]

1. d4 Nf6 2. Nf3 d6 3. e3 Bg4 4. h3 Bh5 5. Bd3 Bg6 6. O-O Bxd3 7. Qxd3 Nc6 8. Nbd2 e5 9. dxe5 dxe5 10. Qxd8+ Rxd8 11. e4 Bc5 12. b3 O-O 13. Bb2 Rfe8 14. Rad1 Nb4 15. Nxe5 Nxc2 16. Nef3 Nb4 17. Rc1 Nd3 18. Rc2 Bb6 19. Bxf6 gxf6 20. Nc4 Nb4 21. Re2 Bc5 22. e5 fxe5 23. a3 Nc6 24. Rfe1 b5 25. Ncxe5 Nxe5 26. Rxe5 Rxe5 27. Rxe5 Rd1+ 28. Kh2 Bd6 29. a4 bxa4 30. bxa4 Bxe5+ 31. Nxe5 c5 32. Kg3 c4 33. Kf3 c3 34. Ke2 Rd5 35. Nd3 c2 0-1

[Event "4NCL Online Division 7"]
[Site "online"]
[Date "2021.02.09"]
[EventDate "2021.02.09"]
[Round "2.331"]
[White "Mourant, Malcolm"]
[WhiteElo "1639"]
[WhiteTeam "Londinium Legionaries"]
[Black "Zholnin, Ivan"]
[BlackElo "1324"]
[BlackTeam "Barnet Knights F"]
[Result "1-0"]
[PlyCount "137"]

1. e4 e5 2. Nf3 d6 3. Nc3 Nf6 4. Bc4 Be7 5. O-O O-O 6. d4 Bg4 7. d5 Nbd7 8. h3 Bxf3 9. Qxf3 Nc5 10. Be3 Nfd7 11. b4 Na6 12. a3 c5 13. dxc6 b5 14. Bxb5 Nc7 15. cxd7 Nxb5 16. Nxb5 Qxd7 17. c4 a6 18. Nc3 Rfc8 19. Qe2 Rc6 20. Rad1 Rac8 21. c5 Qe6 22. Nd5 Bf8 23. Rd2 dxc5 24. bxc5 Bxc5 25. Bxc5 Rxc5 26. Rfd1 h6 27. Nb4 a5 28. Rd8+ Rxd8 29. Rxd8+ Kh7 30. Nd3 Rc7 31. Rd5 Ra7 32. Rxe5 Qd6 33. f4 Qxa3 34. Rd5 Rb7 35. e5 Qb3 36. Qe4+ g6 37. Rxa5 Qb1+ 38. Kh2 Qb6 39. Qd5 Re7 40. Rb5 Qa7 41. Nc5 Kg7 42. Rb7 Rxb7 43. Nxb7 Qa4 44. Qd2 Qc6 45. Nd6 Qc7 46. Ne8+ Kh7 47. Nxc7 Kg7 48. Qd4 Kh7 49. Ne8 Kg8 50. e6 Kf8 51. Qh8+ Ke7 52. exf7 Kxf7 53. Nd6+ Ke6 54. Qe5+ Kd7 55. Nf7 Kc6 56. Nxh6 Kd7 57. Nf7 Kc6 58. Nh8 Kd7 59. Nxg6 Kc6 60. Qe4+ Kc5 61. h4 Kd6 62. h5 Kc5 63. h6 Kd6 64. h7 Kc5 65. h8=Q Kd6 66. Qd8+ Kc5 67. Qc2+ Kb5 68. Qb8+ Ka5 69. Qa2# 1-0

[Event "4NCL Online Division 7"]
[Site "online"]
[Date "2021.02.09"]
[EventDate "2021.02.09"]
[Round "2.332"]
[White "Rowland, Benjamin"]
[WhiteElo "1142"]
[WhiteTeam "Barnet Knights F"]
[Black "Ajili, Nour"]
[BlackElo "1502"]
[BlackTeam "Londinium Legionaries"]
[Result "1/2-1/2"]
[PlyCount "120"]

1. e4 e5 2. Bc4 Nf6 3. d3 Bc5 4. Nf3 Nc6 5. O-O d6 6. h3 O-O 7. Nc3 Be6 8. Bxe6 fxe6 9. Bg5 Qe8 10. Na4 Bb6 11. Nxb6 axb6 12. Nd2 Qg6 13. Nf3 d5 14. exd5 exd5 15. Bd2 Rad8 16. Qe2 Rfe8 17. Rfe1 e4 18. dxe4 Rxe4 19. Qd3 Rde8 20. Rxe4 dxe4 21. Qb3+ Kh8 22. Nh2 Rd8 23. Bf4 Nd4 24. Qc4 Ne8 25. Bxc7 Nxc7 26. Qxc7 Rf8 27. Qxb7 Ne2+ 28. Kf1 Ng3+ 29. Ke1 Qf6 30. Ng4 Qf5 31. Qxb6 h5 32. Qe3 Nh1 33. Ke2 hxg4 34. Rxh1 Kg8 35. a4 gxh3 36. Rxh3 Qg4+ 37. Kf1 Qd1+ 38. Qe1 Qxc2 39. Rh4 Qxa4 40. Rxe4 Qa6+ 41. Qe2 Qa1+ 42. Qe1 Qxb2 43. Kg1 Qf6 44. Re8 Qf7 45. Rxf8+ Kxf8 46. Qe3 Qc4 47. g3 Qd5 48. Qf4+ Kg8 49. Kh2 Qh5+ 50. Qh4 Qxh4+ 51. gxh4 Kf7 52. Kg3 Kf6 53. Kf4 Kg6 54. Kg4 Kf6 55. f4 g6 56. Kg3 Ke6 57. Kf3 Kf5 58. Kg3 Ke6 59. Kg4 Kf6 60. Kg3 Ke6 1/2-1/2

[Event "4NCL Online Division 7"]
[Site "online"]
[Date "2021.02.09"]
[EventDate "2021.02.09"]
[Round "2.333"]
[White "Welch, Stephen T"]
[WhiteElo "1434"]
[WhiteTeam "Londinium Legionaries"]
[Black "Scheffel, Charlie"]
[BlackElo "1167"]
[BlackTeam "Barnet Knights F"]
[Result "0-1"]
[PlyCount "62"]

1. d4 Nf6 2. Bf4 g6 3. e3 Bg7 4. Nf3 O-O 5. c3 d6 6. h3 Nbd7 7. Nbd2 Re8 8. Bc4 c6 9. O-O b5 10. Bb3 Bb7 11. e4 e5 12. dxe5 dxe5 13. Be3 Qc7 14. Ng5 Re7 15. Bxf7+ Rxf7 16. Nxf7 Kxf7 17. Qb3+ Kf8 18. Qa3+ Kg8 19. Qb3+ Kh8 20. Nf3 c5 21. Ng5 c4 22. Qd1 Nf8 23. Qc1 Nxe4 24. Nxe4 Bxe4 25. Re1 Bd3 26. b3 e4 27. bxc4 bxc4 28. Qa3 Be5 29. f4 exf3 30. gxf3 Bh2+ 31. Kf2 Qg3# 0-1

[Event "4NCL Online Division 7"]
[Site "online"]
[Date "2021.02.09"]
[EventDate "2021.02.09"]
[Round "2.334"]
[White "Rasalingam, Rishi"]
[WhiteElo "1181"]
[WhiteTeam "Barnet Knights F"]
[Black "Flaccavento, Marco"]
[BlackElo "1028"]
[BlackTeam "Londinium Legionaries"]
[Result "0-1"]
[PlyCount "110"]

1. e4 e5 2. f4 d5 3. exd5 exf4 4. Nf3 Bg4 5. Nc3 Nf6 6. Bc4 Bb4 7. O-O O-O 8. d4 Bxc3 9. bxc3 Re8 10. Bxf4 Nxd5 11. Bxd5 Qxd5 12. Bxc7 Qc6 13. Bxb8 Raxb8 14. Qd3 Rbd8 15. Ne5 Rxe5 16. Qg3 Re4 17. Qh4 Rde8 18. Qf2 f6 19. h3 Re2 20. Qg3 Bh5 21. Rf5 Bg6 22. d5 Qc5+ 23. Rf2 Rxc2 24. d6 Rxc3 25. Qf4 Re4 26. Qh2 Rc1+ 27. Rxc1 Qxc1+ 28. Rf1 Qc5+ 29. Kh1 Bf5 30. Qg3 Bd7 31. Rxf6 Qe5 32. Qxe5 Rxe5 33. Rf2 Rd5 34. Rb2 b6 35. Rc2 Rxd6 36. Rc7 Kf7 37. Rxa7 g5 38. Kh2 h5 39. Ra8 b5 40. Rh8 h4 41. Rh5 Kg6 42. Rh8 Rd2 43. Rg8+ Kf6 44. Rf8+ Kg7 45. Rd8 b4 46. Ra8 Rxg2+ 47. Kh1 Rg3 48. Kh2 Rxh3+ 49. Kg1 Rg3+ 50. Kf2 Ra3 51. Rd8 Rxa2+ 52. Ke3 Ra3+ 53. Kd4 Ra7 54. Kc4 h3 55. Kxb4 h2 0-1